000 00504nam a2200133Ia 4500
008 100204s9999 xx 000 0 und d
082 _b12518
100 _aक्षीरसागर गजानन संपा.
245 _aप्रकाशन डायरी 1990
260 _b"अनिरुध्द साहित्य, पुणे"
_c1990
630 _aप्रकाशन डायरी 1990
730 _aप्रकाशन डायरी 1990
942 _cBOOK
999 _c456950
_d456947